<?xml version="1.0" encoding="UTF-8"?>
<record
    xmlns:xsi="http://www.w3.org/2001/XMLSchema-instance"
    xsi:schemaLocation="http://www.loc.gov/MARC21/slim http://www.loc.gov/standards/marcxml/schema/MARC21slim.xsd"
    xmlns="http://www.loc.gov/MARC21/slim">

  <leader>00515nam a2200169Ia 4500</leader>
  <controlfield tag="008">230718s9999    xx            000 0 und d</controlfield>
  <datafield tag="041" ind1=" " ind2=" ">
    <subfield code="a">eng</subfield>
  </datafield>
  <datafield tag="082" ind1=" " ind2=" ">
    <subfield code="a">604.2</subfield>
    <subfield code="b">BHA</subfield>
  </datafield>
  <datafield tag="100" ind1=" " ind2=" ">
    <subfield code="a">Bhatt N.D.</subfield>
  </datafield>
  <datafield tag="245" ind1=" " ind2=" ">
    <subfield code="a">Elementary Engineering Drawing</subfield>
    <subfield code="b">Plane And Solid Geometry (In First-Angle Projection Method)</subfield>
  </datafield>
  <datafield tag="250" ind1=" " ind2=" ">
    <subfield code="a">49th ed.</subfield>
  </datafield>
  <datafield tag="260" ind1=" " ind2=" ">
    <subfield code="c">2008</subfield>
    <subfield code="b">Charotar Publishing House</subfield>
  </datafield>
  <datafield tag="300" ind1=" " ind2=" ">
    <subfield code="a">600</subfield>
  </datafield>
  <datafield tag="365" ind1=" " ind2=" ">
    <subfield code="c">Rs.</subfield>
    <subfield code="b">150.00</subfield>
  </datafield>
  <datafield tag="700" ind1=" " ind2=" ">
    <subfield code="a">Bhatt N.D. &amp; Panchal V.M.</subfield>
  </datafield>
  <datafield tag="906" ind1=" " ind2=" ">
    <subfield code="d">O:0029323-Sep-2009B:71304-Jul-2009</subfield>
    <subfield code="c">SS</subfield>
    <subfield code="b">255</subfield>
  </datafield>
  <datafield tag="999" ind1=" " ind2=" ">
    <subfield code="c">322551</subfield>
    <subfield code="d">322551</subfield>
  </datafield>
  <datafield tag="952" ind1=" " ind2=" ">
    <subfield code="0">0</subfield>
    <subfield code="1">0</subfield>
    <subfield code="4">0</subfield>
    <subfield code="7">0</subfield>
    <subfield code="a">CCEP</subfield>
    <subfield code="b">CCEP</subfield>
    <subfield code="d">2009-09-17</subfield>
    <subfield code="e">Tbs</subfield>
    <subfield code="f">SS</subfield>
    <subfield code="g">124.50</subfield>
    <subfield code="i">713</subfield>
    <subfield code="l">1</subfield>
    <subfield code="o">604.2</subfield>
    <subfield code="p">CCEP-BK-33758</subfield>
    <subfield code="r">2025-05-15 00:00:00</subfield>
    <subfield code="s">2025-05-06</subfield>
    <subfield code="t">255</subfield>
    <subfield code="v">150.00</subfield>
    <subfield code="w">2009-07-04</subfield>
    <subfield code="y">BK</subfield>
    <subfield code="z">033758</subfield>
  </datafield>
</record>
